| 000 | 00880na a2200277 4500 | ||
|---|---|---|---|
| 001 | 13996 | ||
| 003 | MIRAKIL | ||
| 005 | 20181213155021.0 | ||
| 008 | 160923b tu 000 0 | ||
| 020 | _a9751617758 (c.2) | ||
| 020 | _a975161774X (c.1) | ||
| 035 | _a13996 | ||
| 040 |
_aMilas _btur _cTR-AnCHP |
||
| 082 |
_aATA 956.1024 _bP34a 2005 |
||
| 090 | _aATA 956.1024 P34a 2005 | ||
| 100 | _aPekel, İhsan | ||
| 245 |
_aAtatürk'ü anlamak ve anmak _cİhsan Pekel |
||
| 260 |
_aAnkara _bAtatürk Araştırma Merkezi _c2005 |
||
| 300 |
_a2 c. _c24 sm. |
||
| 504 | _aKaynakça ve dizin var | ||
| 600 |
_aAtatürk, Mustafa Kemal _xSiyasal ve sosyal görüşler |
||
| 600 |
_aAtatürk, Mustafa Kemal _d1881-1938 _xYaşamöyküsü |
||
| 600 |
_aAtatürk, Mustafa Kemal _dLaiklik |
||
| 600 |
_aAtatürk, Mustafa Kemal _d1881-1938 _vSöylev ve demeçler |
||
| 942 |
_2dcc _cBKS |
||
| 999 |
_c4882 _d4882 |
||